LEADER 01061nam--2200349---450 001 990002058990203316 005 20200430082423.0 010 $a2-905725-12-5 035 $a000205899 035 $aUSA01000205899 035 $a(ALEPH)000205899USA01 035 $a000205899 100 $a20041007d--------km-y0itay0103----ba 101 0 $afre 102 $aFR 105 $aa---||||001yy 200 1 $aTadeusz Kantor$ede l'écriture scénique de la mort à l'instauration de la mémoire$eamos Passing Fergombé$fTadeusz Kantor$gpréface de Patrice Pavis 210 $aParis$cCamelia 215 $a258 p.$cill.$d24 cm 225 2 $aPresses Universitaires de Valenciennes 410 0$12001$aPresses Universitaires de Valenciennes 606 0 $aTeatro 676 $a792.0233092 700 1$aKANTOR,$bTadeusz$0444421 702 1$aPAVIS,$bPatrice 801 0$aIT$bsalbc$gISBD 912 $a990002058990203316 951 $aXVII A. 1747$b3442 DLAS$cXVII A.$d00349532 959 $aBK 969 $aCAS 996 $aTadeusz Kantor$91042972 997 $aUNISA LEADER 02326nam0 22004933i 450 001 VAN0277764 005 20240715035606.155 017 70$2N$a9783031116988 100 $a20240612d2022 |0itac50 ba 101 $aeng 102 $aCH 105 $a|||| ||||| 200 1 $aLocating Eigenvalues in Graphs$eAlgorithms and Applications$fCarlos Hoppen, David P. Jacobs, Vilmar Trevisan 210 $aCham$cSpringer$d2022 215 $axii, 136 p.$cill.$d24 cm 410 1$1001VAN0102596$12001 $aSpringerBriefs in mathematics$1210 $aBerlin [etc.]$cSpringer$d2011- 606 $a05-XX$xCombinatorics [MSC 2020]$3VANC019812$2MF 606 $a05C50$xGraphs and linear algebra (matrices, eigenvalues, etc.) [MSC 2020]$3VANC022106$2MF 606 $a05C62$xGraph representations (geometric and intersection representations, etc.) [MSC 2020]$3VANC023693$2MF 606 $a05C70$xEdge subsets with special properties (factorization, matching, partitioning, covering and packing, etc.) [MSC 2020]$3VANC023636$2MF 606 $a05C75$xStructural characterization of families of graphs [MSC 2020]$3VANC022108$2MF 606 $a05C85$xGraph algorithms (graph-theoretic aspects) [MSC 2020]$3VANC023679$2MF 610 $aAdjacency matrix$9KW:K 610 $aEigenvalue$9KW:K 610 $aGraph algorithms$9KW:K 610 $aGraphs$9KW:K 610 $aLaplacian matrix$9KW:K 610 $aLinear-time algorithm$9KW:K 610 $aSpectral graph theory$9KW:K 610 $aSpectrum$9KW:K 610 $aTree$9KW:K 620 $aCH$dCham$3VANL001889 700 1$aHoppen$bCarlos$3VANV230298$01258097 701 1$aJacobs$bDavid P.$3VANV230299$013890 701 1$aTrevisan$bVilmar$3VANV230300$01739964 712 $aSpringer $3VANV108073$4650 801 $aIT$bSOL$c20240719$gRICA 856 4 $uhttps://doi.org/10.1007/978-3-031-11698-8$zE-book ? Accesso al full-text attraverso riconoscimento IP di Ateneo, proxy e/o Shibboleth 899 $aBIBLIOTECA DEL DIPARTIMENTO DI MATEMATICA E FISICA$1IT-CE0120$2VAN08 912 $fN 912 $aVAN0277764 950 $aBIBLIOTECA DEL DIPARTIMENTO DI MATEMATICA E FISICA$d08CONS e-Book 8788 $e08eMF8788 20240618 996 $aLocating Eigenvalues in Graphs$94164657 997 $aUNICAMPANIA